Statistics for 読み方が難しい地名 青森県編

Click here to take the quiz!

General Stats

  • This quiz has been taken 17 times
  • The average score is 9 of 44

Answer Stats

所在地の例字数問題解答欄% Correct
弘前市6撫牛子ないじょうし
81%
深浦町3風合瀬かそせ
69%
青森市4浪岡「女鹿沢」めがさわ
63%
黒石市3温湯ぬるゆ
50%
中泊町4深郷田ふこうだ
50%
横浜町3百目木どめき
44%
五所川原市5不魚住うおすまず
44%
横浜町3大豆田まめだ
38%
弘前市5狼森おいのもり
38%
青森市3合浦がっぽ
31%
東北町5狼ノ沢おいのさわ
31%
弘前市4三世寺さんぜじ
25%
弘前市3賀田よした
25%
大間町4奥戸おこっぺ
25%
青森市5浪岡「王余魚沢」かれいざわ
25%
八戸市5南郷「泥障作」あおづくり
25%
むつ市3苫生とまぶ
25%
つがる市2柏「稲盛」いせ
25%
七戸町5下タ川原したかわら
19%
青森市5内真部うちまんぺ
19%
弘前市3独狐とっこ
19%
八戸市4田面木たものき
19%
青森市2雲谷もや
19%
黒石市4株梗木ぐみのき
13%
つがる市5木造「筒木坂」どうきざか
13%
弘前市3門外かどけ
13%
弘前市5小比内さんぴない
13%
七戸町6鶴児平つるのこたい
13%
弘前市4蒔苗まかなえ
13%
五戸町6傘松からかさまつ
6%
東北町3数牛かそし
6%
七戸町3治部袋じんば
6%
むつ市3脇野沢「寄浪」きなみ
6%
藤崎町5久井名舘ぐいなだて
6%
八戸市6徒士町かじしちょう
6%
五戸町7筒口川原どうぐちかわら
6%
今別町6奥平部おくたいらへ
0%
東北町5浜家苫はまけとば
0%
東北町5夫雑原ぶぞうはら
0%
野辺地町4久田くんでん
0%
平川市6「苗生松」上東田なんばいまつ
0%
青森市6六枚橋ろくまえばし
0%
平川市6切明「滝候沢」たっこうさわ
0%
平川市6切明「誉田邸」こんたやしき
0%

Score Distribution

Percentile by Number Answered

Percent of People with Each Score

Your Score History

You have not taken this quiz